000 00365nam a2200133Ia 4500
999 _c3352
_d3352
008 200103s 2009 ||||xx |||||||||||||| ||und||
020 _a9789280142396
082 _a348.023
_bIMO
100 _aIMO
245 0 _aIMSBC code : international maritime solid bulk cargoes code and supplement
260 _bIMO
_c2009
_aLondon
300 _av, 484p.
942 _cBK